Vai trò của Islam giáo trong đời sống xã hội Malaysia /

Wedi'i Gadw mewn:
Manylion Llyfryddiaeth
Prif Awdur: Trần Thúy Anh.
Fformat: Erthygl
Iaith:Vietnamese
Pynciau:
Tagiau: Ychwanegu Tag
Dim Tagiau, Byddwch y cyntaf i dagio'r cofnod hwn!
Thư viện lưu trữ: Thư viện Trường Đại học Đà Lạt
LEADER 00792nam a2200277 4500
001 DLU180185535
005 ##20180611
040 # # |a DLU  |b vie 
041 # # |a vie 
044 # # |a vn 
100 # # |a Trần Thúy Anh. 
245 # # |a Vai trò của Islam giáo trong đời sống xã hội Malaysia /  |c Trần Thúy Anh. 
653 # # |a Đời sống xã hội 
653 # # |a Islam giáo 
653 # # |a Malaysia 
653 # # |a Văn hóa tinh thần 
773 # # |t Nghiên cứu Đông Nam Á  |g Số 4, 2016, tr. 38-43 
920 # # |a Phòng Tạp chí -- Trung tâm Thông tin - Thư viện Trường Đại học Đà Lạt 
994 # # |a DLU 
900 # # |a True 
911 # # |a Hoàng Thị Huyền 
925 # # |a G 
926 # # |a A 
927 # # |a BB 
980 # # |a Thư viện Trường Đại học Đà Lạt